TV Series by Lawyer Quiz Stats

Quiz not verified by Sporcle

Challenge
Share
Tweet
Embed
Score 0/12 Timer 03:00
0 Plays Today
Lawyer TV Series % Correct
Grace Van OwenL.A. Law
63%
Lindsay DoleThe Practice
44.4%
Jackie ChilesSeinfeld
44.4%
Louis LittSuits
35.2%
Billy ThomasAlly McBeal
29.6%
Sarah MackenzieJAG
11.1%
Samantha PierceFrasier
7.4%
Valerie Heywood NYPD Blue
5.6%
Arnold SpivakMurder One
3.7%
Julius BackeLilyhammer
1.9%
Martin GannettThe Closer
1.9%
Esther RandolphBoardwalk Empire
1.9%

You're not logged in!

Compare scores with friends on all Sporcle quizzes.
Sign Up with Email
OR
Log In

You Might Also Like...

Show Comments

Extras

Top Quizzes Today


Score Distribution

Your Account Isn't Verified!

In order to create a playlist on Sporcle, you need to verify the email address you used during registration. Go to your Sporcle Settings to finish the process.

Report this User

Report this user for behavior that violates our Community Guidelines.

Details: